000 00736cam a2200265 4500500
005 20260405002001.0
041 _afre
042 _adc
100 1 0 _aTenaillon, Nicolas
_eauthor
245 0 0 _aIvan Illich et la décroissance
260 _c2015.
500 _a2
690 _aCroissance
690 _aDécroissance
690 _aIvan Illich
690 _aJean-Pierre Dupuy
690 _amesure
690 _aOlivier Rey
690 _aProductivisme
690 _aRalentir
690 _aSanté
690 _aTransports
786 0 _nPhilosophie magazine | 88 | 4 | 2015-04-01 | p. 54-54 | 1951-1787
856 4 1 _uhttps://shs.cairn.info/magazine-philosophie-magazine-2015-4-page-54?lang=fr&redirect-ssocas=7080
999 _c2053000
_d2053000